000 00505nam a2200169 4500
001 109875
003 ES-MaACL
005 20230906184930.0
007 t|
008 061121s1972 sp r ||||1| spa d
100 1 _aOnimus, Jean.
_987084
245 1 3 _aUn libro para mis hijos /
_cJean Onimus ; versión por A. de Miguel y de Miguel , M. C. S.
260 _aMadrid :
_bStudium,
_c1972.
300 _a213 p. ;
_c19 cm.
700 1 _aMiguel Miguel, A. de.
_981029
852 _aES-MaACL
_jC-44878
_bR.82006
999 _c109875
_d109875